Des logos de marques #2 - Statistiques

Statistiques générales
  • Ce quiz a été pris 528 fois
    250 depuis la dernière actualisation
  • Le résultat moyen est 7 sur 8
Statistiques - réponses
Par images Réponse % Correct
PLAYSTATION
100%
CITROEN
98%
DORITOS
97%
WHATSAPP
97%
PINTEREST
95%
VOLKSWAGEN
91%
SEAT
86%
VALENCE
64%
Aucun quiz correspondant
Distribution des résultats
% des personnes avec chaque résultat
Percentile par nombre de réponses
Votre historique - résultats
Vous n’avez pas pris ce quiz depuis la dernière actualisation